000 00682nam a2200277Ia 4500
005 20250425161838.0
008 250425s9999 xx 000 0 und d
020 _a8420008044
041 _aspa
082 _a664.902
100 _aSCHIFFNER, EBERHARD
245 0 _aELABORACION CASERA DE CARNE Y EMBUTIDOS
250 _a1A ED.
260 _aEspaƱa
_bACRIBIA
_c1996
260 _aZARAGOZA
300 _a291
500 _aCONSULTAR 36735 EN BIBTEC
650 _aADITIVOS PARA ALIMENTOS
650 _aCARNE
650 _aPRODUCTOS DE LA CARNE
650 _aSALCHICHA
700 _aLORTZING, DIETRICH
700 _aOPPEL, KLAUS
942 _c01
010 _a32128
999 _c217298
_d217298